Strategic marketing channel management by/ (Record no. 163339)

MARC details
000 -LEADER
fixed length control field 00562nam a22001817a 4500
005 - DATE AND TIME OF LATEST TRANSACTION
control field 20190410144426.0
010 ## - LCCN (DPL NO)
LC control number B-148330
020 ## - INTERNATIONAL STANDARD BOOK NUMBER
International Standard Book Number 0070586691
035 ## - SYSTEM CONTROL NUMBER
System control number B-148330
037 ## - SOURCE OF ACQUISITION
Source of stock number/acquisition Tata McGraw-Hill Publishing Company
082 ## - DEWEY DECIMAL CLASSIFICATION NUMBER
Classification number 658.8
100 ## - MAIN ENTRY--PERSONAL NAME
Personal name Bowersox, Donald J.
245 ## - TITLE STATEMENT
Title Strategic marketing channel management by/
Statement of responsibility, etc Donald J. Bowersox {and} M.Bixby Cooper
260 ## - PUBLICATION, DISTRIBUTION, ETC. (IMPRINT)
Place of publication, distribution, etc New Delhi
Name of publisher, distributor, etc Tata McGraw-Hill Company Limited
Date of publication, distribution, etc 2004
300 ## - PHYSICAL DESCRIPTION
Extent 488p.
Dimensions 24cm(pbk)
700 ## - ADDED ENTRY--PERSONAL NAME
Personal name Cooper, M. Bixby
942 ## - ADDED ENTRY ELEMENTS (KOHA)
Source of classification or shelving scheme Dewey Decimal Classification
Item type English Books
Classification part 658.8
Call number suffix BOW
Holdings
Withdrawn status Lost status Not for loan Collection code Home library Current library Date acquired Full call number Barcode Koha item type
        Patel Nagar Patel Nagar 24/06/2019 658.8 BOW   English Books
      Non-fiction Sarojini Nagar Sarojini Nagar 10/04/2019 658.8 BOW B-148330 English Books

© Delhi Public Library
Hit Counter
free hit counter